| 000 | 01359naa a22003497a 4500 | ||
|---|---|---|---|
| 001 | BR8303383 | ||
| 003 | BR-BrBNA | ||
| 005 | 20250721143228.0 | ||
| 007 | ta | ||
| 008 | 250630b bl.|||m| |||| 00| 0 por d | ||
| 040 |
_aBR-BrBNA _bpor _cBiblioteca Nacional de Agricultura |
||
| 041 | _a(Pt) | ||
| 072 |
_aF25 _b0230 _b3810 _b3820 _b3830 _bG514 |
||
| 090 | _aF25 BR8303383 | ||
| 100 | 1 | _aAlbuquerque, G.A.C. | |
| 100 | 1 | _aMarinho, M.L. | |
| 245 | 1 | _aAdubacao na regiao Norte-Nordeste [cana de acucar, Saccharum officinarum, fertilizante nitrogenado, fertilizante fosfatado, fertilizante potassico, Brasil] | |
| 500 | _aNutricao e adubacao da cana-de-acucar no Brasil Orlando Filho, J. (ed.) Piracicaba, SP (Brasil): 1983. p. 267-286 [20 tables; 23 ref.] (BR8303383-AMS) | ||
| 773 | 0 |
_tNutricao e adubacao da cana-de-acucar no Brasil _aOrlando Filho, J. (ed.). Programa Nacional de Melhoramento da Cana-de-Acucar, Piracicaba, SP (Brasil) _wF25 BR8303383 _gPiracicaba, SP (Brasil), 1983. p. 267-286 |
|
| 650 | _aCANA DE ACUCAR | ||
| 650 | _aADUBACAO | ||
| 650 | _aCANA PLANTA | ||
| 650 | _aSOCA | ||
| 650 | _aNITROGENIO | ||
| 650 | _aFOSFORO | ||
| 650 | _aPOTASSIO | ||
| 650 | _aREGIAO NORTE | ||
| 650 | _aREGIAO NORDESTE | ||
| 490 |
_aColecao PLANALSUCAR (Brazil) _vno. 2 |
||
| 942 |
_cAMS _2AGRIS |
||
| 909 |
_a202506 _bLúcia _c55 _dLúcia Elande |
||
| 999 |
_c334534 _d334534 |
||